000 00696nam a2200205Ia 4500
001 19765
003 GE_BSU
008 181216s||||||||xx |||||||||||||| ||und||
040 _cGE_BSU
245 _aРеферативный журнал Электронное издание. 13Б. Математический анализ №10. 2016
260 _aМосква
260 _bВинити
260 _c2016
300 _acd
653 _acd
653 _aМатематика
653 _aРеферативный журнал Электронное издание. 13Б. Математический анализ №10. 2016
653 _aმათემატიკა
942 _cCF
999 _c52739
_d52739